Mesure de longueur - Statistiques

Statistiques générales
  • Ce quiz a été pris 74 fois
  • Le résultat moyen est 11 sur 21
Statistiques - réponses
Mesures de longueur % Correct
mètre
99%
millimètre
99%
centimètre
96%
décamètre
96%
décimètre
96%
kilomètre
94%
hectomètre
85%
nanomètre
75%
micromètre
69%
picomètre
50%
gigamètre
49%
mégamètre
49%
teramètre
43%
femtomètre
33%
pétamètre
17%
yottamètre
14%
zettamètre
13%
Yoctomètre
10%
attomètre
8%
examètre
8%
zeptomètre
7%
Aucun quiz correspondant
Distribution des résultats
% des personnes avec chaque résultat
Percentile par nombre de réponses
Votre historique - résultats
Vous n’avez pas pris ce quiz